Tilastot visalle Yleistieto #67

Klikkaa tästä pelataksesi tätä visaa!

Yleistilastot

  • Tätä visaa on pelattu 303 kertaa
    (300 viimeisimmän päivityksen jälkeen)
  • Keskiarvotulos 7 / 13

Vastaustilastot

VinkkiVastaus% Oikein
^Missä kaupungissa kyseinen museo on?Pariisissa
96%
Missä museossa Mona Lisa on?Louvressa
90%
Minkä maan kansallislaulu on 'Marseljeesi'?Ranskan
77%
Kenen hitti on "Rentun Ruusu"?Irwin Goodmanin
76%
Mikä suosittu juoma kehitettiin Helsingin Olympialaisiin?Long Drink
76%
Mikä on Tiina Lillakin urheilulaji?Keihäänheitto
56%
Minkä Yhdysvaltojen osavaltion pääkaupunki on Sacramento?Kalifornian
55%
Kuka näyttelijä on ollut elokuvissa 'Pretty Woman' ja 'Notting Hill'?Julia Roberts
48%
Minkä maan johtaja oli Eva Peron?Argentiinan
46%
Mikä on Nigerian suurin kaupunki?Lagos
30%
Kuka ohjasi "Triumphe des Willens"-elokuvan Berliinin olympialaisista 1936?Leni Riefenstahl
6%
^Mikä elokuvan nimi on suomeksi?Tahdon riemuvoitto
5%
Mikä oli Slovenian rahayksikkö ennen euroa?Tolar
2%

Tulosjakauma

Persentiili vastausten määrän mukaan

Jokaisen tuloksen saaneiden osuus

Tuloshistoriasi

Et ole pelannut tätä visaa sen viimeisimmän päivityksen jälkeen